Leaders de la deuxième guerre mondiales par images - Statistiques

Statistiques générales
  • Ce quiz a été pris 468 fois
    450 depuis la dernière actualisation
  • Le résultat moyen est 5 sur 9
Statistiques - réponses
Par images Réponse % Correct
Adolf Hitler
100%
Joseph Staline
88%
Charles de Gaulle
87%
Winston Churchil
77%
Benito Mussolini
71%
Franklin Roosevelt
57%
Hirohito
53%
Ion Antonescu
3%
Vidkun Quisling
2%
Aucun quiz correspondant
Distribution des résultats
% des personnes avec chaque résultat
Percentile par nombre de réponses
Votre historique - résultats
Vous n’avez pas pris ce quiz depuis la dernière actualisation